| 000 | 01389nam2a22002771 4500 | ||
|---|---|---|---|
| 001 | RU\NLR\INFOCOMM18\1000203493 | ||
| 005 | 20260405065043.0 | ||
| 035 | _a(NLR Aleph) 002334110 | ||
| 090 |
_a4462368 _c4462368 |
||
| 100 | _a20041022d1914 |||y0rusy50 ca | ||
| 101 | 0 | _arus | |
| 102 | _aRU | ||
| 105 | _ay ||||||||| | ||
| 200 | 1 |
_aСинагога в 50 титулов и другие юридические сборники Иоанна Схоластика _fВ.Н. Бенешевич |
|
| 210 | _d[1914] | ||
| 423 | 0 |
_12001#$aПротоколы заседаний [классического] отделения [Русского археологического общества] за 1913 год _tПротоколы заседаний [классического] отделения [Русского археологического общества] за 1913 год |
|
| 461 | 0 |
_1001RU\NLR\CVI\002334102 _12001#$aЗаписки Классического отделения Русского археологического общества$vТ.8 |
|
| 700 | 1 |
_4070 _8rus _7ca _aБенешевич _bВ. Н. _f1874-1938 _gВладимир Николаевич _3RU\NLR\AUTH\7722979 _96033 |
|
| 801 | 1 |
_aRU _bInfoComm _c20041022 |
|
| 801 | 0 |
_aRU _bNLR _gPSBO |
|
| 852 |
_aNLR _j1/166 |
||
| 852 |
_aNLR _jКр.III-96/8 |
||
| 942 | _cISSUE | ||
| 980 | _aNB | ||
| 980 | _aRUSPER | ||